Las Obras del puente del Besós
Colección:
San Jorge,
; núm. 5 (gener 1952), pàg. 49
Materias:
Ponts -- Barcelona (Província) -- Disseny i construcció
; Santa Coloma de Gramenet
; Sant Adrià de Besòs (Catalunya)
Idioma:
Español
MARC
| LEADER | 00000naa a2200000 a 4500 | ||
|---|---|---|---|
| 003 | Arxiu | ||
| 005 | 20260324181025.0 | ||
| 008 | 160829s195 spc xx s spa c | ||
| 040 | |a agdb | ||
| 245 | 0 | 4 | |a Las Obras del puente del Besós |
| 490 | |a San Jorge, |v núm. 5 (gener 1952), pàg. 49 | ||
| 650 | 0 | |a Ponts |x Barcelona (Província) |x Disseny i construcció |9 21399 | |
| 651 | 0 | |9 50684 |a Santa Coloma de Gramenet | |
| 651 | 0 | |a Sant Adrià de Besòs (Catalunya) |9 50680 | |
| 773 | |g Núm. 5 (gener 1952), pàg. 49 |t San Jorge. | ||
| 901 | |a Arxiu | ||
| 942 | |n 1 |2 udc |c ART | ||
| 952 | |0 0 |1 0 |4 0 |6 REV508 |7 1 |9 64621 |a Arxiu |b Arxiu |d 2022-12-02 |l 0 |o Rev-508 |r 2022-12-02 00:00:00 |w 2022-12-02 |y ARXIU |z També disponible a Rev-521 | ||
| 999 | |c 43917 |d 43917 | ||